Farmers and Forest Owners as Heat Sellers.

Uloženo v:
Podrobná bibliografie
Korporace: Landeskammer für Land- und Forstwirtschaft Steiermark (Graz) (Autor), BIOMASA (Kysucký Lieskovec, Slovensko) (Sestavovatel, kompilátor)
Médium: Kniha
Jazyk:angličtina
Vydáno: [S.l.] : [s.n.], [2010]
Vydání:[1st ed.]
Témata:
On-line přístup: Získat plný text
Tagy: Přidat tag
Žádné tagy, Buďte první, kdo vytvoří štítek k tomuto záznamu!

MARC

LEADER 00000nam a2200000 4500
003 SK-BrCVT
005 20220621163519.0
008 100721s2010 au e ||||||eng d
035 |a CVTIDW0001740 
040 |b slo  |a CVTI SR  |e AACR2 
041 0 |a eng 
044 |a au 
080 |a 697.1  |2 UDC-MRF 
110 2 |a Landeskammer für Land- und Forstwirtschaft Steiermark (Graz)  |4 aut 
245 1 0 |a Farmers and Forest Owners as Heat Sellers. 
250 |a [1st ed.] 
260 |a [S.l.] :  |b [s.n.],  |c [2010] 
300 |a 11 s. :  |b fotogr., tab. ; 
653 1 |a vykurovanie 
653 1 |a drevo 
653 1 |a biomasa 
710 2 |a BIOMASA (Kysucký Lieskovec, Slovensko)  |4 com 
856 4 |u http://www.lk-stmk.at 
856 4 |u http://www.biomasa.sk 
910 |b F030329 
959 |a 6707 
974 |a agnesa.remenarova  |f Firemná literatúra 
992 |a FFP 
999 |c 157425  |d 157425